[Event "Asia-ch Amateur (Women)"]
[Site "Dubai"]
[Date "2023.08.31"]
[Round "6"]
[White "Al Maamari, Wafia Darwish"]
[Black "Latifah, Darmaki"]
[Result "1-0"]
[WhiteElo "1882"]
[BlackElo "1530"]
[PlyCount "69"]
[EventDate "2023.08.28"]
[EventType "swiss"]
[EventRounds "9"]
[EventCountry "UAE"]
[SourceTitle "EXT 2024"]
[Source "ChessBase"]
[SourceDate "2023.10.10"]
[SourceVersion "1"]
[SourceVersionDate "2023.10.10"]
[SourceQuality "1"]

1. Nf3 d5 2. b3 Bf5 3. Bb2 e6 4. g3 h6 5. Bg2 Nf6 6. d3 c5 7. Nbd2 Be7 8. 0-0 Nc6 9. Re1 0-0 10. Ne5 Nxe5 11. Bxe5 Rc8 12. c4 Bh7 13. Rc1 Qd7 14. cxd5 exd5 15. Bb2 b5 16. d4 c4 17. e4 Bb4 18. bxc4 bxc4 19. Bc3 Ba3 20. Rb1 dxe4 21. Nxe4 Nd5 22. Qf3 Nxc3 23. Qxc3 Qa4 24. Re3 Bxe4 25. Bxe4 Bd6 26. Bc2 Qa6 27. a4 Rb8 28. Rxb8 Rxb8 29. d5 f6 30. Re6 Rb6 31. Qe3 Be5 32. Re8+ Kf7 33. Rh8 Rd6 34. Qe4 f5 35. Qxe5 1-0

[Event "Asia-ch Amateur (Women)"]
[Site "Dubai"]
[Date "2023.08.30"]
[Round "4"]
[White "Rayan, Mohammad Ali Hassan"]
[Black "Latifah, Darmaki"]
[Result "1/2-1/2"]
[WhiteElo "1395"]
[BlackElo "1530"]
[PlyCount "67"]
[EventDate "2023.08.28"]
[EventType "swiss"]
[EventRounds "9"]
[EventCountry "UAE"]
[SourceTitle "EXT 2024"]
[Source "ChessBase"]
[SourceDate "2023.10.10"]
[SourceVersion "1"]
[SourceVersionDate "2023.10.10"]
[SourceQuality "1"]

1. e4 e5 2. Nf3 Nc6 3. Bc4 Bc5 4. d3 Nf6 5. Nbd2 d6 6. c3 a6 7. Bb3 Ba7 8. 0-0 h6 9. Bc2 g5 10. Nb3 g4 11. Ne1 h5 12. d4 Rg8 13. Be3 h4 14. Qd2 g3 15. fxg3 Ng4 16. gxh4 Qxh4 17. g3 Qh3 18. Bd1 Rh8 19. Nf3 f6 20. Re1 Bd7 21. Qg2 Qh7 22. Bd2 0-0-0 23. Re2 f5 24. Bc2 f4 25. Kf1 fxg3 26. Qxg3 Rdf8 27. Ke1 Rfg8 28. Qg1 Nxh2 29. Qxh2 Qxh2 30. Rxh2 Rxh2 31. Nxh2 Rh8 32. Nf3 Rh1+ 33. Ke2 Rxa1 34. Nxa1 1/2-1/2

[Event "Sharjah Cup (Women) 12th"]
[Site "Sharjah"]
[Date "2022.12.10"]
[Round "3"]
[White "Mohammadi, Melika"]
[Black "Latifah, Darmaki"]
[Result "1-0"]
[WhiteElo "1884"]
[BlackElo "1440"]
[PlyCount "55"]
[EventDate "2022.12.09"]
[EventType "swiss"]
[EventRounds "9"]
[EventCountry "UAE"]
[SourceTitle "CBM 211 Extra"]
[Source "ChessBase"]
[SourceDate "2023.01.31"]
[SourceVersion "1"]
[SourceVersionDate "2023.01.31"]
[SourceQuality "1"]

1. e4 e5 2. Nf3 Nc6 3. Bb5 a6 4. Ba4 Nf6 5. 0-0 Be7 6. Re1 b5 7. Bb3 d6 8. c3 0-0 9. h3 Na5 10. Bc2 c5 11. d4 cxd4 12. cxd4 Qc7 13. Nc3 Bd7 14. Bg5 Be6 15. Rc1 Rac8 16. Nd5 Bxd5 17. exd5 Qb8 18. dxe5 dxe5 19. Nxe5 Rfd8 20. Qf3 Qd6 21. Bxh7+ Kxh7 22. Rxc8 Rxc8 23. Qf5+ g6 24. Qxc8 Kg7 25. Nc6 Nxc6 26. Qxc6 Qb4 27. Qc3 Qd6 28. Qe5 1-0

[Event "Online Olym Div3 C"]
[Site "Chess.com INT"]
[Date "2021.08.29"]
[Round "8.2"]
[White "Latifah, Darmaki"]
[Black "Arakhamia Grant, Ketevan"]
[Result "0-1"]
[WhiteElo "1321"]
[BlackElo "2380"]
[PlyCount "62"]
[EventDate "2021.08.27"]
[EventType "team-tourn (rapid)"]
[EventRounds "9"]
[EventCountry "USA"]
[SourceTitle "CBM 204 Extra"]
[Source "ChessBase"]
[SourceDate "2021.11.30"]
[SourceVersion "1"]
[SourceVersionDate "2021.11.30"]
[SourceQuality "1"]
[WhiteTeam "United Arab Emirates"]
[BlackTeam "Scotland"]
[WhiteTeamCountry "UAE"]
[BlackTeamCountry "SCO"]

1. e4 c5 2. Nf3 Nc6 3. c3 d5 4. exd5 Qxd5 5. d4 Nf6 6. Be2 e6 7. 0-0 Be7 8. h3 0-0 9. Be3 b6 10. Na3 Bb7 11. Qd2 cxd4 12. cxd4 Bxa3 13. bxa3 Rac8 14. Rac1 Na5 15. Rfd1 Nc4 16. Bxc4 Rxc4 17. Rxc4 Qxc4 18. Ne5 Qd5 19. f3 Qb5 20. Qb4 Qe2 21. Qd2 Qxd2 22. Bxd2 Rd8 23. Bg5 h6 24. Bxf6 gxf6 25. Ng4 Kg7 26. Kf2 Rc8 27. Rd2 Rc3 28. Ne3 Rxa3 29. Nc4 Ra4 30. Ne3 f5 31. d5 f4 0-1

[Event "Asian Online (Women)"]
[Site "Tornelo INT"]
[Date "2021.08.23"]
[Round "2"]
[White "Latifah, Darmaki"]
[Black "Asadi, Motahare"]
[Result "0-1"]
[WhiteElo "1321"]
[BlackElo "2093"]
[PlyCount "34"]
[EventDate "2021.08.23"]
[EventType "swiss (rapid)"]
[EventRounds "9"]
[EventCountry "NET"]
[SourceTitle "CBM 204 Extra"]
[Source "ChessBase"]
[SourceDate "2021.11.30"]
[SourceVersion "1"]
[SourceVersionDate "2021.11.30"]
[SourceQuality "1"]

1. e4 e5 2. Nf3 Nf6 3. Nc3 Nc6 4. d4 exd4 5. Nxd4 Bb4 6. Bg5 h6 7. Nxc6 bxc6 8. Bxf6 Qxf6 9. Qd2 0-0 10. Bd3 d5 11. a3 Bxc3 12. bxc3 dxe4 13. Bxe4 Re8 14. f3 Ba6 15. 0-0-0 Qe7 16. Kb2 Rab8+ 17. Ka2 Bc4+ 0-1

[Event "UAE President Cup U14 Girls"]
[Site "Ajman"]
[Date "2019.01.04"]
[Round "3"]
[White "Al Hammadi, Maryam Hussein"]
[Black "Latifah, Darmaki"]
[Result "0-1"]
[WhiteElo "1354"]
[BlackElo "1346"]
[PlyCount "60"]
[EventDate "2019.01.02"]
[EventType "swiss"]
[EventRounds "9"]
[EventCountry "UAE"]
[SourceTitle "CBM 188 Extra"]
[Source "ChessBase"]
[SourceDate "2019.02.26"]
[SourceVersion "1"]
[SourceVersionDate "2019.02.26"]
[SourceQuality "1"]

1. e4 e5 2. Nf3 Nc6 3. Bb5 a6 4. Ba4 b5 5. Bb3 Be7 6. a4 Rb8 7. axb5 axb5 8. Qe2 d6 9. Nc3 Nf6 10. Nxb5 0-0 11. Nc3 Bg4 12. Qe3 Nh5 13. Ne2 Kh8 14. h3 Be6 15. Bxe6 fxe6 16. c3 Qe8 17. g4 Nf4 18. Nxf4 Rxf4 19. d4 Qf7 20. Ke2 Rf8 21. Nh2 Rxf2+ 22. Kd1 exd4 23. cxd4 Qf6 24. e5 dxe5 25. dxe5 Rd8+ 26. Ke1 Bb4+ 27. Bd2 Bxd2+ 28. Qxd2 Qxe5+ 29. Kxf2 Rxd2+ 30. Kf1 Qe2+ 0-1

[Event "UAE President Cup U14 Girls"]
[Site "Ajman"]
[Date "2019.01.03"]
[Round "2"]
[White "Latifah, Darmaki"]
[Black "Anood, Ahmad"]
[Result "1-0"]
[WhiteElo "1346"]
[BlackElo "1131"]
[PlyCount "99"]
[EventDate "2019.01.02"]
[EventType "swiss"]
[EventRounds "9"]
[EventCountry "UAE"]
[SourceTitle "CBM 188 Extra"]
[Source "ChessBase"]
[SourceDate "2019.02.26"]
[SourceVersion "1"]
[SourceVersionDate "2019.02.26"]
[SourceQuality "1"]

1. e4 c5 2. Nf3 e6 3. c3 d5 4. exd5 Qxd5 5. d4 Nf6 6. Na3 a6 7. Nc4 Nbd7 8. Be3 b5 9. Na5 cxd4 10. Bxd4 Bc5 11. Be2 0-0 12. 0-0 Bxd4 13. Nxd4 Bb7 14. Bf3 Ne4 15. Qe2 f5 16. Rad1 Ne5 17. Ndb3 Nxf3+ 18. gxf3 Qe5 19. Nxb7 Ng5 20. Qxe5 Nxf3+ 21. Kg2 Nxe5 22. Rfe1 Ng6 23. N7c5 e5 24. Rd7 f4 25. f3 Nh4+ 26. Kf2 Rf5 27. Re7 Ng6 28. Re6 Rd8 29. Nxa6 h6 30. Rxg6 Rh5 31. Kg2 Kh7 32. Re6 Rf8 33. R6xe5 Rxe5 34. Rxe5 Ra8 35. Nb4 Rd8 36. Rxb5 Rd1 37. Rd5 Rb1 38. Rd2 Re1 39. a4 Re8 40. a5 Ra8 41. a6 Kg6 42. Nc5 Rc8 43. a7 Ra8 44. Nc6 Rf8 45. Rd8 Rxd8 46. Nxd8 Kh7 47. a8Q g5 48. Qb7+ Kg8 49. Nce6 Kh8 50. Qg7# 1-0

[Event "Wch U10 Girls"]
[Site "Batumi"]
[Date "2016.10.21"]
[Round "3"]
[White "Latifah, Darmaki"]
[Black "Shuqja, Klean"]
[Result "0-1"]
[WhiteElo "1282"]
[BlackElo "1591"]
[PlyCount "70"]
[EventDate "2016.10.19"]
[EventType "swiss"]
[EventRounds "11"]
[EventCountry "GEO"]
[SourceTitle "EXT 2018"]
[Source "ChessBase"]
[SourceDate "2017.10.13"]
[SourceVersion "1"]
[SourceVersionDate "2017.10.13"]
[SourceQuality "1"]

1. e4 e5 2. Nf3 Nf6 3. Nxe5 d6 4. Nf3 Nxe4 5. Nc3 Nxc3 6. dxc3 Be7 7. Be3 a6 8. Qd2 Be6 9. Be2 Bf6 10. Nd4 Nd7 11. 0-0 0-0 12. f4 Bxd4 13. Bxd4 f6 14. f5 Bf7 15. Qf4 Ne5 16. Qg3 Re8 17. Rae1 c5 18. Be3 Kh8 19. Rf4 Re7 20. Rh4 Qe8 21. Bd1 Nc4 22. Bf2 Rxe1+ 23. Bxe1 Nxb2 24. Bf3 Qe3+ 25. Kh1 Re8 26. Bf2 Qxc3 27. h3 Nc4 28. Bxb7 Qxg3 29. Bxg3 a5 30. Ba6 d5 31. Bf2 d4 32. Rf4 Ne3 33. Bd3 Bxa2 34. g4 Bd5+ 35. Kh2 a4 0-1

[Event "Wch U10 Girls"]
[Site "Batumi"]
[Date "2016.10.19"]
[Round "1"]
[White "Latifah, Darmaki"]
[Black "Munkhzul, Davaakhuu"]
[Result "0-1"]
[WhiteElo "1282"]
[BlackElo "1808"]
[PlyCount "56"]
[EventDate "2016.10.19"]
[EventType "swiss"]
[EventRounds "11"]
[EventCountry "GEO"]
[SourceTitle "EXT 2018"]
[Source "ChessBase"]
[SourceDate "2017.10.13"]
[SourceVersion "1"]
[SourceVersionDate "2017.10.13"]
[SourceQuality "1"]

1. e4 e5 2. Nf3 Nc6 3. Nc3 Nf6 4. d4 exd4 5. Nxd4 Bb4 6. Nxc6 bxc6 7. Bd3 d5 8. exd5 cxd5 9. 0-0 0-0 10. Bg5 c6 11. h3 Bd6 12. Qf3 Bd7 13. Bf4 Bxf4 14. Qxf4 Rb8 15. b3 Qa5 16. Ne2 c5 17. Rfc1 Rb4 18. Qf3 Re8 19. c4 d4 20. Ng3 Rb6 21. Nf5 g6 22. Ng3 Rbe6 23. Kf1 Qc7 24. h4 Bc6 25. Qd1 Qb7 26. Qd2 Bxg2+ 27. Kg1 Bh3 28. Qf4 Qg2# 0-1